FREDDIE MERCURY / (Record no. 181557)
[ view plain ]
| 000 -LEADER | |
|---|---|
| fixed length control field | 01273nam a2200337 i 4500 |
| 003 - CONTROL NUMBER IDENTIFIER | |
| control field | OSt |
| 005 - DATE AND TIME OF LATEST TRANSACTION | |
| control field | 20210131125740.0 |
| 008 - FIXED-LENGTH DATA ELEMENTS--GENERAL INFORMATION | |
| fixed length control field | 210124r2020 enkao jr 00| 0beng d |
| 020 ## - INTERNATIONAL STANDARD BOOK NUMBER | |
| International Standard Book Number | 9780241430989 |
| Terms of availability | RM29.95 |
| Qualifying information | paperback |
| 040 ## - CATALOGING SOURCE | |
| Original cataloging agency | PPAK |
| Language of cataloging | eng |
| Transcribing agency | PPAK |
| Description conventions | rda |
| 082 04 - DEWEY DECIMAL CLASSIFICATION NUMBER | |
| Edition number | 23 |
| Classification number | 428.64 |
| 090 00 - LOCALLY ASSIGNED LC-TYPE CALL NUMBER (OCLC); LOCAL CALL NUMBER (RLIN) | |
| Classification number (OCLC) (R) ; Classification number, CALL (RLIN) (NR) | 428.64 |
| Feature heading | COL |
| Feature heading | K |
| 100 1# - MAIN ENTRY--PERSONAL NAME | |
| Personal name | Collins, Anne, |
| Relator term | author. |
| Dates associated with a name | 1952- |
| 245 10 - TITLE STATEMENT | |
| Title | FREDDIE MERCURY / |
| Statement of responsibility, etc. | ANNE COLLINS ; SERIES EDITOR: SORREL PITTS |
| 264 #1 - PRODUCTION, PUBLICATION, DISTRIBUTION, MANUFACTURE, AND COPYRIGHT NOTICE | |
| Place of production, publication, distribution, manufacture | London : |
| Name of producer, publisher, distributor, manufacturer | PENGUIN BOOKS, |
| Date of production, publication, distribution, manufacture, or copyright notice | 2020 |
| 300 ## - PHYSICAL DESCRIPTION | |
| Extent | 96 pages : |
| Other physical details | colour photographs ; |
| Dimensions | 20 cm |
| 336 ## - CONTENT TYPE | |
| Source | rdacontent |
| Content type term | text |
| 337 ## - MEDIA TYPE | |
| Source | rdamedia |
| Media type term | unmediated |
| 338 ## - CARRIER TYPE | |
| Source | rdacarrier |
| Carrier type term | volume |
| 490 1# - SERIES STATEMENT | |
| Series statement | Penguin Readers ; |
| Volume/sequential designation | Level 5 |
| 500 ## - GENERAL NOTE | |
| General note | Includes questions and excercises |
| 520 ## - SUMMARY, ETC. | |
| Summary, etc. | Penguin Readers is an ELT graded reader series for learners of English as a foreign language. With carefully adapted text, new illustrations and language learning exercises, the print edition also includes instructions to access supporting material online. |
| 600 10 - SUBJECT ADDED ENTRY--PERSONAL NAME | |
| Personal name | Mercury, Freddie. |
| 650 10 - SUBJECT ADDED ENTRY--TOPICAL TERM | |
| Topical term or geographic name entry element | Readers |
| Topical term or geographic name entry element | Rock musicians |
| Geographic subdivision | Great Britain. |
| 655 7# - INDEX TERM--GENRE/FORM | |
| Genre/form data or focus term | Readers |
| Genre/form data or focus term | Biographies |
| 700 1# - ADDED ENTRY--PERSONAL NAME | |
| Personal name | Pitts, Sorrel, |
| Relator term | series editor. |
| 830 #0 - SERIES ADDED ENTRY--UNIFORM TITLE | |
| Uniform title | Penguin readers ; |
| Number of part/section of a work | Level 5 |
| 942 ## - ADDED ENTRY ELEMENTS (KOHA) | |
| Source of classification or shelving scheme | Dewey Decimal Classification |
| Koha item type | Book |
| Withdrawn | Not for loan | Current library | Shelving location | Date acquired | Full call number | Barcode | Date last seen | Koha item type |
|---|---|---|---|---|---|---|---|---|
| Perpustakaan Alor Setar | Pinjaman Kanak-kanak | 09/02/2021 | K 428.64 COL | A01674339 | 10/02/2021 | Book | ||
| Perpustakaan Awam Sungai Petani | Pinjaman Kanak-kanak | 09/02/2021 | K 428.64 COL | A01674340 | 10/02/2021 | Book | ||
| Perpustakaan Baling | Pinjaman Kanak-kanak | 09/02/2021 | K 428.64 COL | A01674342 | 10/02/2021 | Book | ||
| Perpustakaan Bandar Baharu | Pinjaman Kanak-kanak | 09/02/2021 | K 428.64 COL | A01674343 | 10/02/2021 | Book | ||
| Perpustakaan Kulim | Pinjaman Kanak-kanak | 09/02/2021 | K 428.64 COL | A01674341 | 10/02/2021 | Book |